000 00635nam a22002417a 4500
003 SEM
999 _c72189
_d72189
005 20220608074945.0
008 220202m1995 us ||||gr|||||001 0 eng|d
020 _a0801060419 (Vol. 1)
040 _aSEM
_cSEM
041 _aeng
080 _a809.245/M-24
100 _aMansoor Menahem
245 _aBiblical Hebrew step-by-step /
_cM. Mansoor
250 _aSecond edition
260 _aGrand Rapids :
_bBaker book house,
_c1995.
300 _aVol. ;
_bill. ;
_c23 cm
504 _aVol. 1 - Index p.: 251-254
505 _aVol. 1 -
_g1995.- 254 p.
650 _aHebrew
653 _aՍԷՄ
942 _2udc
_cBK